Kargil : Blood on the snow / (Record no. 67718)

MARC details
000 -LEADER
fixed length control field 00547nam a22001577a 4500
005 - DATE AND TIME OF LATEST TRANSACTION
control field 20120608143559.0
020 ## - INTERNATIONAL STANDARD BOOK NUMBER
International Standard Book Number 8173044112
Terms of availability 00
035 ## - SYSTEM CONTROL NUMBER
System control number B-85612
037 ## - SOURCE OF ACQUISITION
Stock number DPL
Source of stock number/acquisition ENG
100 ## - MAIN ENTRY--PERSONAL NAME
Personal name Verma, Ashok Kalyan
245 ## - TITLE STATEMENT
Title Kargil : Blood on the snow /
Statement of responsibility, etc by Ashok Kalyan Verma
260 ## - PUBLICATION, DISTRIBUTION, ETC. (IMPRINT)
Place of publication, distribution, etc New Delhi
Name of publisher, distributor, etc Manohar
Date of publication, distribution, etc 2002
300 ## - PHYSICAL DESCRIPTION
Extent 227p.
Dimensions 20 cms.
942 ## - ADDED ENTRY ELEMENTS (KOHA)
Source of classification or shelving scheme Dewey Decimal Classification
Item type English Books
Classification part 355.02
Call number suffix VER
Holdings
Withdrawn status Lost status Not for loan Collection code Home library Current library Date acquired Cost, normal purchase price Full call number Barcode Cost, replacement price Koha item type Public note
      Non-fiction Sarojini Nagar Sarojini Nagar 08/06/2012 0.00 355.02 VER B-085612 0.00 English Books Withdrawn List Prepared L.No.09/11

© Delhi Public Library
Hit Counter
free hit counter